Name the Villain from the Given Movie - Statistics

General Stats
  • This quiz has been taken 19 times
  • The average score is 12 of 18
Answer Stats
Hint Answer % Correct
Avengers: Infinity War Thanos
100%
Harry Potter and the Philosopher's Stone Voldemort
100%
Star Wars: Episode IV - A New Hope Darth Vader
88%
Star Wars: Episode VI – Return of the Jedi Emperor Palpatine
88%
Spider-Man Green Goblin
88%
The Wizard of Oz Wicked Witch of the West
88%
Peter Pan Captain Hook
76%
Alice in Wonderland Queen of Hearts
71%
The Little Mermaid Ursula
65%
Despicable Me Vector
65%
Rocky IV Ivan Drago
59%
Alien Xenomorph
59%
Beauty and the Beast Gaston
53%
Scream Ghostface
53%
The Silence of the Lambs Hannibal Lecter
47%
Shrek Lord Farquaad
41%
Psycho Norman Bates
41%
To Kill A Mockingbird Bob Ewell
12%
No matching quizzes found
Score Distribution
Percent of People with Each Score
Percentile by Number Answered
Your Score History
You have not taken this quiz